000
00257nam a2200109Ia 4500
008
231212s1978 xx 000 0 und d
041
_a
eng
082
_a
621.384
100
_a
Rhodes D.R.
245
_a
Synthesis of Planar
260
_a
New York
_b
George
_c
1978
999
_c
958373
_d
958373